[Event "Aktobe U14 op"]
[Site "Aqtobe"]
[Date "2022.06.19"]
[Round "8"]
[White "Tynyshtyk, Diana"]
[Black "Zholzhanov, Olzhas"]
[Result "0-1"]
[WhiteElo "1312"]
[BlackElo "1293"]
[PlyCount "188"]
[EventDate "2022.06.14"]
[EventType "swiss"]
[EventRounds "9"]
[EventCountry "KAZ"]
[SourceTitle "EXT 2023"]
[Source "ChessBase"]
[SourceDate "2022.10.05"]
[SourceVersion "1"]
[SourceVersionDate "2022.10.05"]
[SourceQuality "1"]

1. e4 e5 2. Nf3 Nc6 3. Bb5 a6 4. Ba4 Nf6 5. 0-0 b5 6. Bb3 Bc5 7. a4 Bb7 8. d3 d6 9. Nc3 b4 10. Nd5 Nxd5 11. Bxd5 Na5 12. Bxb7 Nxb7 13. Bg5 Qd7 14. d4 exd4 15. Nxd4 0-0 16. Nf5 Qe6 17. Qg4 Rfe8 18. Bh4 Qg6 19. Ne7+ Rxe7 20. Qxg6 hxg6 21. Bxe7 f6 22. e5 Kf7 23. exf6 gxf6 24. Rae1 Re8 25. Bxf6 Rxe1 26. Rxe1 Kxf6 27. Re8 Bb6 28. Kf1 Nc5 29. b3 a5 30. Ke2 Ne6 31. f3 Nf4+ 32. Kf1 Nd5 33. Ke2 Nf4+ 34. Kf1 Ne6 35. Ke2 g5 36. Rh8 Kg7 37. Re8 Kf6 38. Rh8 Kf5 39. Re8 Ke5 40. Kd3 Kd5 41. g3 Bg1 42. h4 gxh4 43. gxh4 Bf2 44. Ra8 Bxh4 45. Rxa5+ c5 46. Ra8 Bg5 47. Rg8 Kc6 48. Ke4 Be7 49. f4 Nd4 50. Rg2 Bf6 51. Kd3 Nf3 52. Rg6 Bc3 53. Ke2 Nd4+ 54. Kd3 Nf5 55. Rg5 Ne7 56. f5 Nd5 57. Rg1 Bd4 58. Rf1 Nf6 59. Kd2 Ne4+ 60. Kd3 Nf2+ 61. Kd2 Ng4 62. Kd3 Nf2+ 63. Ke2 Ne4 64. Kd3 d5 65. Rf4 Bf6 66. Rf1 Nd6 67. Ke2 c4 68. Kd1 Ne4 69. Re1 Bg5 70. Rg1 Kc5 71. Ke2 Bf6 72. Rg8 Kd4 73. Rc8 Be5 74. a5 Nc5 75. bxc4 dxc4 76. Kd2 b3 77. c3+ Kd5 78. Rd8+ Kc6 79. Rc8+ Kb5 80. Re8 Bf4+ 81. Kd1 Bg5 82. Re5 Bf6 83. Rd5 Kc6 84. Rd2 Bxc3 85. Rf2 Bf6 86. Kd2 Ne4+ 87. Kc1 Nxf2 88. Kb1 Kb5 89. Kc1 c3 90. Kb1 c2+ 91. Kc1 Bg5+ 92. Kb2 c1Q+ 93. Kxb3 Qc4+ 94. Ka3 Bc1# 0-1

[Event "Aktobe U14 op"]
[Site "Aqtobe"]
[Date "2022.06.16"]
[Round "4"]
[White "Beristenov, Kair"]
[Black "Zholzhanov, Olzhas"]
[Result "1-0"]
[WhiteElo "1468"]
[BlackElo "1293"]
[PlyCount "49"]
[EventDate "2022.06.14"]
[EventType "swiss"]
[EventRounds "9"]
[EventCountry "KAZ"]
[SourceTitle "EXT 2023"]
[Source "ChessBase"]
[SourceDate "2022.10.05"]
[SourceVersion "1"]
[SourceVersionDate "2022.10.05"]
[SourceQuality "1"]

1. c4 e5 2. g3 Nf6 3. Bg2 d5 4. cxd5 Nxd5 5. Nc3 Be6 6. d3 c6 7. Nf3 Nd7 8. 0-0 Be7 9. Bd2 0-0 10. a3 Rc8 11. Rc1 h6 12. Re1 Re8 13. Qc2 Qb6 14. e4 Nc7 15. Be3 Qa6 16. d4 exd4 17. Nxd4 Nc5 18. Nxe6 N5xe6 19. f4 Bc5 20. Qf2 Qb6 21. Bxc5 Nxc5 22. Nd5 cxd5 23. Qxc5 Qxc5+ 24. Rxc5 dxe4 25. Rec1 1-0